Governors of the Peabody Trust v Reeve (Record no. 109003)

MARC details
000 -LEADER
fixed length control field 01809cam a22002295a 4500
001 - CONTROL NUMBER
control field L145986
008 - FIXED-LENGTH DATA ELEMENTS--GENERAL INFORMATION
fixed length control field 081128e20080602xxk f v 000 0 eng d
035 ## - SYSTEM CONTROL NUMBER
System control number (Sirsi) u145986
041 0# - LANGUAGE CODE
Language code of text/sound track or separate title eng
245 00 - TITLE STATEMENT
Title Governors of the Peabody Trust v Reeve
Medium [electronic resource]
260 ## - PUBLICATION, DISTRIBUTION, ETC.
Date of publication, distribution, etc. 2008
520 ## - SUMMARY, ETC.
Summary, etc. [2008] EWHC 1432 (Ch), 2 June 2008. A social landlord was not entitled to unilaterally vary the terms of its tenancy agreements under a clause that claimed to incorporate the mechanism under the Housing Act 1985 S103, that contradicted a preceding clause that provided for variation through agreement with the tenant. The court was asked to determine whether social landlord (P) could make use of a clause in its tenancy agreements to vary agreements unilaterally under the Housing Act 1985 S103 and if the clause could be considered as not-binding under the Unfair Terms in Consumer Contracts Regulations 1999. Held: judgement for defendant. While unilateral changes would have benefited P and prevented its stock from becoming unmanageable, it was a risk that the legislature allowed to exist, with the assumption that social landlords would be able to cope. In addition to this, it was held that the existing tenancy agreements made sufficient provision for future events and that P had no reason to require such a sweeping clause in relation to all of its agreements.
521 ## - TARGET AUDIENCE NOTE
Target audience note Advanced
590 ## - LOCAL NOTE (RLIN)
Local note KA
650 24 - SUBJECT ADDED ENTRY--TOPICAL TERM
Topical term or geographic name entry element GOVERNORS OF THE PEABODY TRUST V REEVE
650 24 - SUBJECT ADDED ENTRY--TOPICAL TERM
Topical term or geographic name entry element HOUSING ACT 1985
650 24 - SUBJECT ADDED ENTRY--TOPICAL TERM
Topical term or geographic name entry element UNFAIR TERMS IN CONSUMER CONTRACTS REGULATIONS 1999
651 #4 - SUBJECT ADDED ENTRY--GEOGRAPHIC NAME
Geographic name England and Wales
Chronological subdivision 1543-
690 ## - LOCAL SUBJECT ADDED ENTRY--TOPICAL TERM (OCLC, RLIN)
Topical term or geographic name as entry element PROPERTY-LANDLORD AND TENANT-LEASES
856 40 - ELECTRONIC LOCATION AND ACCESS
Uniform Resource Identifier <a href="https://www.bailii.org/ew/cases/EWHC/Ch/2008/1432.html">https://www.bailii.org/ew/cases/EWHC/Ch/2008/1432.html</a>
Public note View the item free of charge online at www.bailii.org...
942 ## - ADDED ENTRY ELEMENTS (KOHA)
Suppress in OPAC 0
Holdings
Withdrawn status Lost status Source of classification or shelving scheme Damaged status Not for loan Home library Current library Shelving location Date acquired Total Checkouts Full call number Barcode Date last seen Copy number Price effective from Koha item type
    Dewey Decimal Classification     Virtual Virtual Online 28/11/2008   ONLINE PUBLICATION 145986-1001 06/08/2019 1 06/08/2019 Law report